000 00328 a2200121 4500
000 nam a22 7a 4500
005 20260302100029.0
020 _a9789391985844
100 _aSanjiv Kumar Das
_91116868
245 _aAcarya Nagarjuna Viracita Vigrahavyavartani-karika
260 _bBuddhist World Press
_c2025
942 _cTEXL
999 _c1680356
_d1680356